02370cam a2200265 a 4500001000900000003000600009005001700015008004100032010001700073020001800090035002100108040000800129041000800137050002400145240002900169245004100198260005600239300004400295490002400339504005100363505085800414520076801272650002302040710004102063a6962544SIRSI20251022144037.0100729t20112011maua b 001 0 eng  a 2010031619 a9781422157985 a(OCoLC)606783875 ctbs aeng00aHD30.28b.H395 2011 aHarvard business review.00aHBR's 10 must reads b: on strategy. aBoston, MA :bHarvard Business Review Press,c2011. av, 266 pages :billustrations ;c21 cm. aHBR's 10 must reads aIncludes bibliographical references and index. aWhat is strategy? / Michael E. Porter — The five competitive forces that shape strategy / Michael E. Porter — Building you company's vision / James C. Collins and Jerry I. Porras — Reinventing you business model / Mark W. Johnson, Clayton M. Christensen, and Henning Kagermann — Blue ocean strategy / W. Chan Kim and Renée Mauborgne — The secrets to successful strategy execution / Gary L. Neilson, Karla L. Martin and Elizabeth Powers — Using the balanced scorecard as a strategic management system / Robert S. Kaplan and David P. Norton — Transforming corner-office strategy into frontline action / Orit Gadiesh and James L. Gilbert — Turning great strategy into great performance / Michael C. Mankins and Richard Steele — Who has the D?: How clear decision roles enhance organizational performance / Paul Rogers and Marcia Blenko. aIs your company spending too much time on strategy development--with too little to show for it? If you read nothing else on strategy, read these 10 articles. We've combed through hundreds of Harvard Business Review articles and selected the most important ones to help you catalyze your organization's strategy development and execution. HBR's 10 Must Reads on Strategy will inspire you to: Distinguish your company from rivals; Clarify what your company will and won't do; Craft a vision for an uncertain future; Create blue oceans of uncontested market space; Use the Balanced Scorecard to measure your strategy; Capture your strategy in a memorable phrase; Make priorities explicit; Allocate resources early; Clarify decision rights for faster decision making. 0aStrategic planning aHarvard Business Review Press (Firm)